Miskolczy Ambrus Négyeskönyve recenzió - Miskolczy Ambrus: A modern magyar demokratikus kultúra "eredeti jellegzetességeiről" 1790-1849. Bp., 2006.

Elmentve itt :
Bibliográfiai részletek
Szerző: Vekerdi László
Adatforrás:Philobibl
Forrásdokumentuma:Tiszatáj
62.2008:10. p. 91-99.
Dokumentumtípus: Cikk
Nyelv:magyar
LEADER 00405nab a2200097 c 4500
001 bibPHI0034975
005 20200924123421.5
008 090916s2008 hu hun
100 1 |a Vekerdi László 
245 1 0 |a Miskolczy Ambrus Négyeskönyve  |b recenzió - Miskolczy Ambrus: A modern magyar demokratikus kultúra "eredeti jellegzetességeiről" 1790-1849. Bp., 2006.  |c Vekerdi László 
773 0 |t Tiszatáj  |g 62.2008:10. p. 91-99.